|
|
|
|
| LEADER |
00000nam0a2200000 4500 |
| 001 |
36476 |
| 005 |
20231031001943.0 |
| 035 |
|
|
|a (RuTPU)RU\TPU\book\36949
|
| 035 |
|
|
|a BOOK00003601
|
| 090 |
|
|
|a 36476
|
| 100 |
|
|
|a 20011210d1976 km y0rusy50 ca
|
| 101 |
0 |
|
|a rus
|
| 102 |
|
|
|a RU
|
| 105 |
|
|
|a a z 001zy
|
| 200 |
1 |
|
|a Автоматический анализ газов и жидкостей на химических предприятиях
|f В. П. Тхоржевский
|
| 210 |
|
|
|a Москва
|c Химия
|d 1976
|
| 215 |
|
|
|a 272 с.
|c ил.
|
| 225 |
1 |
|
|a Автоматизация химических производств
|
| 320 |
|
|
|a Список лит.: с. 265-267 (80 назв.)
|
| 320 |
|
|
|a Предм. указ.: с. 268-272
|
| 610 |
1 |
|
|a химические производства
|
| 610 |
1 |
|
|a технохимический контроль
|
| 610 |
1 |
|
|a контрольно-измерительные приборы
|
| 610 |
1 |
|
|a инструменты
|
| 610 |
1 |
|
|a автоматизация
|
| 610 |
1 |
|
|a газы
|
| 610 |
1 |
|
|a жидкости
|
| 610 |
1 |
|
|a смеси
|
| 610 |
1 |
|
|a расчеты
|
| 675 |
|
|
|a 66.012.1-52
|v 3
|
| 700 |
|
1 |
|a Тхоржевский
|b В. П.
|g Владислав Павлович
|
| 801 |
|
0 |
|a RU
|b 63413507
|c 20011210
|g PSBO
|
| 801 |
|
2 |
|a RU
|b 63413507
|c 20140225
|g PSBO
|
| 900 |
|
|
|a Спецкурс 72
|
| 942 |
|
|
|c BK
|